00320nam a2200109Ia 4500008004100000245007700041260004900118260000900167300001000176500000800186650001600194170224s9999 xx 000 0 und d aRelational mate value: Consensus and uniqueness in romantic evaluations. bJournal of Personality and Social Psychology c2014 a106:5 aMay xPsychology.